Γύζης

Αποθηκεύτηκε σε:
Λεπτομέρειες βιβλιογραφικής εγγραφής
Κύριος συγγραφέας: Μισιρλή, Νέλλη
Μορφή: Βιβλίο
Γλώσσα:Greek
Δημοσίευση: Αθήνα : Αδάμ, 1996
Θέματα:
Ετικέτες: Προσθήκη ετικέτας
Δεν υπάρχουν, Καταχωρήστε ετικέτα πρώτοι!

MARC

LEADER 00000cam a2200000 i 4500
001 1/20438
008 051208s1996 gre d
020 |a 960-500-008-3 
035 |l 10081615 
040 |a GR-MY-UA  |b gre  |e aacr 
041 0 |a gre 
082 0 |a 759.9495  |2 (22) 
100 1 |a Μισιρλή, Νέλλη. 
245 1 0 |a Γύζης /  |c Νέλλη Μισιρλή 
260 |a Αθήνα :   |b Αδάμ,   |c 1996 
300 |a 398 σ.;  |c 31 εκ. 
504 |a Περιλαμβάνει ευρετήριο 
650 0 0 |a Painting, Greek. 
650 0 0 |a Painters  |z Greece  |x Biography. 
852 |a INST  |b RHODES  |c KRI  |e 20051208  |h  759.9495 ΜΙΣ  |p 005400030473  |q 005400030473  |t BK  |y 0 
901 |a BIBL4-2005-3 
909 |a Ρ  |b 122769 
970 |a ΚΟΖΑ  |b ΜΑΡΙΑ  |z 2005/12/08